| 000 | 00435nam a2200169Ia 4500 | ||
|---|---|---|---|
| 003 | 3228 | ||
| 005 | 20260515102048.0 | ||
| 008 | 210818s9999 xx 000 0 und d | ||
| 020 | _a9780718127565 | ||
| 040 |
_aMPL _c3228 |
||
| 082 | 0 | _aEF FRAN | |
| 100 |
_a FRANCIS, Dick London, 1986 _918564 |
||
| 245 | 0 | _aBolt | |
| 260 |
_aLondon: _bMichael Joseph, _c1986. |
||
| 300 |
_a239 Pages _bIllustrations _c21,5 cm |
||
| 942 |
_cBK _2ddc _y282 _zEmmerencia Nonyane |
||
| 999 |
_c474787 _d474786 |
||